Catálogo

LA MOTIVACION EN LA EMPRESA (Registro nro. 47902)

Detalles MARC
000 -LEADER
fixed length control field 00991nam a2200193 a 4500
001 - CONTROL NUMBER
control field 47902
005 - DATE AND TIME OF LATEST TRANSACTION
control field 20180714032021.0
008 - FIXED-LENGTH DATA ELEMENTS--GENERAL INFORMATION
fixed length control field 140415s2003 sp 000 0 spa d
020 ## - INTERNATIONAL STANDARD BOOK NUMBER
International Standard Book Number 8480889209
041 ## - LANGUAGE CODE
Language code of text/sound track or separate title spa
082 ## - DEWEY DECIMAL CLASSIFICATION NUMBER
Classification number 658.314
Item number LEV
100 1# - MAIN ENTRY--PERSONAL NAME
Personal name LEVY-LEBOYER, CLAUDE
245 13 - TITLE STATEMENT
Title LA MOTIVACION EN LA EMPRESA
250 ## - EDITION STATEMENT
Edition statement 1a ed.
260 ## - PUBLICATION, DISTRIBUTION, ETC.
Place of publication, distribution, etc. ESPAÑA :
Name of publisher, distributor, etc. EDICIONES GESTION 2000,
Date of publication, distribution, etc. 2003
300 ## - PHYSICAL DESCRIPTION
Extent 225
Dimensions 16.7 x 1.4 x 22.8
520 ## - SUMMARY, ETC.
Summary, etc. ESTE LIBRO TIENE COMO OBJETIVO AYUDAR A LOS GESTORES DE RECURSOS HUMANOS A: *COMPRENDER CÓMO SE CONSTRUYE LA MOTIVACIÓN. *ESCOGER ESTRATEGIAS MOTIVACIONALES ADAPTADAS. EN UNA ÉPOCA EN LA QUE HA CAMBIADO EL SENTIDO DEL TRABAJO Y SE HA REORGANIZADO, EN QUE LA COMPETENCIA HA PASADO A SER MUNDIAL, LA MOTIVACIÓN DEL PERSONAL, A TODOS LOS NIVELES DE LA EMPRESA, HA PASADO A SER UN PROBLEMA PRIORITARIO. LA EFICACIA DE LAS ESTRATEGIAS MOTIVACIONALES APLICADAS POR LA EMPRESA DEPENDE DE CARACTERÍ
650 14 - SUBJECT ADDED ENTRY--TOPICAL TERM
Topical term or geographic name entry element MOTIVACION
Existencias
Withdrawn status Lost status Source of classification or shelving scheme Damaged status Not for loan Collection code Home library Current library Shelving location Date acquired Source of acquisition Inventory number Total Checkouts Full call number Barcode Date last seen Date last checked out Price effective from Koha item type
    Dewey Decimal Classification     General Biblioteca Karol Wojtyla Biblioteca Karol Wojtyla Sala general 03/12/2013 Compra 151000000000000000021664 1 658.314 LEV 71740 05/01/2026 11/03/2025 03/12/2013 Libro